000
00342nam a2200157Ia 4500
003
OSt
005
20240120113910.0
008
170524s9999 xx 000 0 und d
020
_a
9788187433545
040
_c
iimtu
100
_a
Ramamrutham
245
0
_a
Strength of materials
260
_b
Dhanpat Rai
260
_c
2008
942
_2
ddc
_c
02
999
_c
5539
_d
5539